Giáo trình các phương pháp tối ưu : Lý thuyết và thuật toán

Trình bày các kiến thức lí thuyết phương pháp tối ưu cơ bản và ứng dụng để giải quyết các bài toán tối ưu như: giải tích lồi, quy hoạch tuyến tính, quy hoạch nguyên và các bài toán tối ưu

Gardado en:
Detalles Bibliográficos
Autor Principal: Nguyễn, Thị Bạch Kim
Formato: Libro
Idioma:Undetermined
Publicado: Hà Nội Bách Khoa 2008
Những chủ đề:
Các nhãn: Engadir etiqueta
Sen Etiquetas, Sexa o primeiro en etiquetar este rexistro!
Thư viện lưu trữ: Trung tâm Học liệu Trường Đại học Cần Thơ
LEADER 00993nam a2200217Ia 4500
001 CTU_165041
008 210402s9999 xx 000 0 und d
020 |c 52000 
082 |a 515.55 
082 |b K310 
100 |a Nguyễn, Thị Bạch Kim 
245 0 |a Giáo trình các phương pháp tối ưu : 
245 0 |b Lý thuyết và thuật toán 
245 0 |c Nguyễn Thị Bạch Kim 
260 |a Hà Nội 
260 |b Bách Khoa 
260 |c 2008 
520 |a Trình bày các kiến thức lí thuyết phương pháp tối ưu cơ bản và ứng dụng để giải quyết các bài toán tối ưu như: giải tích lồi, quy hoạch tuyến tính, quy hoạch nguyên và các bài toán tối ưu 
650 |a Mathematical optimization,Mathematical analysis,Toán học tối ưu,Toán phân tích 
904 |i Trọng Hiếu 
980 |a Trung tâm Học liệu Trường Đại học Cần Thơ